| 000 | 00498nam a2200181Ia 4500 | ||
|---|---|---|---|
| 001 | 10977 | ||
| 005 | 20260306161912.0 | ||
| 008 | 260306t2007||||xx |||||||||||||| ||spa|| | ||
| 041 | _aESP | ||
| 082 |
_a985 _bC76 2007 |
||
| 100 |
_aContreras Carranza, Carlos _eAUT |
||
| 245 | 0 |
_aHistoria del Perú contemporáneo: _bdesde las luchas por la independencia hasta el presente |
|
| 260 | _c2007 | ||
| 300 |
_a424 páginas : _c17 cm. |
||
| 650 | _aGEN | ||
| 654 | _aCHU | ||
| 942 |
_cLIB _dJUS _fJUS _2ddc _n |
||
| 999 |
_c10977 _d10977 |
||